|
|
|
|
| LEADER |
02685nam a22004213i 4500 |
| 001 |
EBC6725017 |
| 003 |
MiAaPQ |
| 005 |
20231204023218.0 |
| 006 |
m o d | |
| 007 |
cr cnu|||||||| |
| 008 |
231204s2021 xx o ||||0 eng d |
| 020 |
|
|
|a 9780472902477
|q (electronic bk.)
|
| 020 |
|
|
|z 9780472038497
|
| 035 |
|
|
|a (MiAaPQ)EBC6725017
|
| 035 |
|
|
|a (Au-PeEL)EBL6725017
|
| 035 |
|
|
|a (OCoLC)1256450872
|
| 040 |
|
|
|a MiAaPQ
|b eng
|e rda
|e pn
|c MiAaPQ
|d MiAaPQ
|
| 050 |
|
4 |
|a HV1658
|
| 082 |
0 |
|
|a 305.908
|
| 100 |
1 |
|
|a Kim, Jina B.
|
| 245 |
1 |
0 |
|a Sex, Identity, Aesthetics :
|b The Work of Tobin Siebers and Disability Studies.
|
| 250 |
|
|
|a 1st ed.
|
| 264 |
|
1 |
|a Ann Arbor :
|b University of Michigan Press,
|c 2021.
|
| 264 |
|
4 |
|c ©2021.
|
| 300 |
|
|
|a 1 online resource (193 pages)
|
| 336 |
|
|
|a text
|b txt
|2 rdacontent
|
| 337 |
|
|
|a computer
|b c
|2 rdamedia
|
| 338 |
|
|
|a online resource
|b cr
|2 rdacarrier
|
| 505 |
0 |
|
|a Intro -- Contents -- Acknowledgments -- Introduction: Reimagining Disability Studies | Jina B. Kim, Joshu a Kupetz, Crystal Yin Lie, and Cynthia Wu -- Part I: Sex -- 1. Witnessing "Disability Experience on Trial": Toward Critique and Emancipation | Allison Weiner Heinemann -- Part II: Identity -- 2. It Depends: Academic Labor and the Materiality of the Body | Cynthia Wu -- 3. Cracks Filled with Images: Mental Disability, Trauma, and Crip Rhetoric in Cereus Blooms at Night | Jennifer Marchisotto -- 4. Ghosts of Disability in Naomi Shihab Nye's Transfer | Therí A. Pickens -- 5. Crawling Upstairs: Identity and Ideology in Tobin Siebers's Disability Theory | Thomas Abrams -- Part III: Aesthetics -- 6. Words and Images: Networks of Relationality in Deaf, Blind, and DeafBlind Aesthetics | Rebecca Sanchez -- 7. Musical Modernism and Its Disability Aesthetics | Joseph N. Straus -- 8. Staging the Asylum: Javier Téllez's Disability Aesthetics | Leon J. Hilton -- 9. Disability Aesthetics: A Pedagogy for Teaching a Revisionist Art History | Amanda Cachia -- Contributors -- Index.
|
| 588 |
|
|
|a Description based on publisher supplied metadata and other sources.
|
| 590 |
|
|
|a Electronic reproduction. Ann Arbor, Michigan : ProQuest Ebook Central, 2023. Available via World Wide Web. Access may be limited to ProQuest Ebook Central affiliated libraries.
|
| 655 |
|
4 |
|a Electronic books.
|
| 700 |
1 |
|
|a Kupetz, Joshua.
|
| 700 |
1 |
|
|a Lie, Crystal Yin.
|
| 700 |
1 |
|
|a Wu, Cynthia.
|
| 776 |
0 |
8 |
|i Print version:
|a Kim, Jina B.
|t Sex, Identity, Aesthetics
|d Ann Arbor : University of Michigan Press,c2021
|z 9780472038497
|
| 797 |
2 |
|
|a ProQuest (Firm)
|
| 856 |
4 |
0 |
|u https://ebookcentral.proquest.com/lib/matrademy/detail.action?docID=6725017
|z Click to View
|